Responses for Show #4685 - Friday, January 7, 2005

Kerry Breitenbach game 6.

Contestants

[<< previous game]

Joshua Allen, a student from North Hollywood, California

Ruchi Aggarwal, an accountant from Seattle, Washington

Kerry Breitenbach, a marketing analyst from South Euclid, Ohio (whose 5-day cash winnings total $90,400)

[next game >>]

Jeopardy! Round responses

ODD AMERICAN HISTORY
THE 1970s MUSIC SCENE
THERE'S A PLACE FOR US
CITY SEALS
III
MISSING LINKS
    $200 8
Tom Thumb

Ruchi
    $200 1
San Francisco

Kerry
    $200 5
a garage

Ruchi
    $200 23
a star

Kerry
    $200 18
Clinton

Ruchi
    $200 4
storm

Ruchi
    $400 9
(Joshua: What are cows?)

pigs

Joshua
Triple Stumper
    $400 2
Wings

Kerry
    $400 6
a stall

Kerry
    $400 24
Atlanta

Ruchi
    $400 19
Ivan (III)

Kerry
    $400 13
hot

Ruchi
    $600 10
Fulton

Joshua
    $600 3
Frank Zappa

Joshua
    $600 28
a cabana

Kerry
    $600 25
(Kerry: Who is Pittsburgh?)
...
(Alex: We were going for the man, not the city.)

(William) Pitt (the elder)

KerryJoshua
    $600 20
John D. Rockefeller III

Joshua
    $600 14
call

Joshua
    $800 11
blacksmith

Kerry
    $800 7
Elton John

Joshua
    $800 29
barracks

Joshua
    $1,500 26
Jacksonville

Joshua
    $800 21
George III

Joshua
    $800 15
jerk

Joshua
    $1000 17
Audubon

Kerry
    $1000 12
Paul Simon

Triple Stumper
    $1000 30
(Alex: If I had sung it properly, you would know...)

a tavern

Triple Stumper
    $1000 27
(Kerry: What is San Francisco?)

San Diego

KerryRuchi
    $1000 22
the Sun-Times

Joshua
    $1000 16
tape

Ruchi

Scores at the first commercial break (after clue 16):

Kerry Ruchi Joshua
$1,800 $2,000 $3,000

Scores at the end of the Jeopardy! Round:

Kerry Ruchi Joshua
$2,400 $3,600 $8,300

Double Jeopardy! Round responses

MEDICAL CENTER
YESTERDAY'S HOTTIES
THE APPRENTICE
SHORTENED FIRST NAMES
ANTARCTIC EXPLORATION
THEATRE TALK
    $400 18
an autopsy

Kerry
    $400 23
Veronica Lake

Kerry
    $400 1
(Ruchi: Who is Bob Cratchit?)

Ebenezer Scrooge

RuchiJoshua
    $400 13
Roosevelt

Kerry
    $400 4
(Joshua: Who is Peary?)

Richard Byrd

RuchiJoshua
    $400 2
encore

Joshua
    $800 19
Minnesota

Joshua
    $800 24
Hedy Lamarr

Joshua
    $800 7
Michelangelo

Joshua
    $800 14
Amanda

Joshua
    $800 5
(James Clarke) Ross

Ruchi
    $800 3
the house

Ruchi
    $1200 20
(Ruchi: What is a defibillerator?)
(Alex: [Mumbles in imitation, then looks to judges] No.)
...
(Alex: Threw an extra "R" or two in there, Ruchi, sorry.)

a defibrillator

RuchiJoshua
    $1200 25
Mary Pickford

Kerry
    $1200 10
the Sorcerer's Apprentice

Kerry
    $1200 16
Andrew

Kerry
    $1200 6
(Ruchi: What is The Netherlands?)

Russia

KerryRuchi
    $1200 8
a proscenium

Joshua
    $4,000 21
the adrenal glands

Joshua
    $1600 26
Dorothy Dandridge

Joshua
    $1600 11
All Creatures Great and Small

Ruchi
    $1600 17
Moses

Triple Stumper
    $5,000 29
(Ruchi: Who is Peary?)

(Capt. Robert) Scott

Ruchi
    $1600 9
a dresser

Kerry
    $2000 22
an arthroscope

Joshua
    $2000 27
Louise Brooks

Triple Stumper
    $2000 12
(Joshua: Who is Chagall?)

Georges Braque

KerryJoshua
    $2000 28
Christopher

Ruchi
    $2000 30
Ernest Shackleton

Ruchi
    $2000 15
a cyclorama

Joshua

Scores at the end of the Double Jeopardy! Round:

Kerry Ruchi Joshua
$12,000 $3,400 $21,900

[wagering suggestions for these scores]

Final Jeopardy! Round responses

(Alex: Something we all enjoy...)
MAGAZINES
RuchiWhat is Saturday Evening Post?
$1,400
KerryWhat is the Saturday Evening Post?
$6,800
JoshuaWhat is Saturday Evening Post
$2,101
The Saturday Evening Post

Final scores:

Kerry Ruchi Joshua
$18,800 $4,800 $24,001
2nd place: $2,000 3rd place: $1,000 New champion: $24,001

Game dynamics:

Coryat scores:

Kerry Ruchi Joshua
$12,000 $8,400 $18,800
17 R,
2 W
14 R,
4 W
(including 1 DD)
23 R
(including 2 DDs),
3 W

Combined Coryat: $39,200

[game clues] [game scores] [suggest correction]

Game tape date: 2004-11-03
The J! Archive is created by fans, for fans. Scraping, republication, monetization, and malicious use prohibited; this site may use cookies and collect identifying information. See terms. The Jeopardy! game show and all elements thereof, including but not limited to copyright and trademark thereto, are the property of Jeopardy Productions, Inc. and are protected under law. This website is not affiliated with, sponsored by, or operated by Jeopardy Productions, Inc. Join the discussion at JBoard.tv.